[Event "Australian Open 2013"]
[Site "Cammeray AUS"]
[Date "2013.01.11"]
[Round "9.14"]
[White "Lester,G"]
[Black "Tan,Ju2"]
[Result "1/2-1/2"]
[WhiteElo "1970"]
[BlackElo "2284"]

1.d4 d5 2.c4 c6 3.Nc3 Nf6 4.e3 e6 5.Nf3 Nbd7 6.Qc2 Bd6 7.b3 O-O 8.Be2 b6
9.O-O Bb7 10.Bb2 Qe7 11.e4 dxe4 12.Nxe4 Ba3 13.Bc3 c5 14.Ng3 cxd4 15.Nxd4 Rac8
16.Nb5 a6 17.Nxa3 Qxa3 18.Qd2 Qe7 19.Rfd1 Nc5 20.Qg5  1/2-1/2

[Event "TCh-AUT 2 West 2012-13"]
[Site "Bregenz AUT"]
[Date "2013.01.12"]
[Round "7.1"]
[White "Prusikin,M"]
[Black "Bayer,Be"]
[Result "1-0"]
[WhiteElo "2545"]
[BlackElo "2443"]

1.Nf3 Nf6 2.c4 e6 3.Nc3 d5 4.d4 c6 5.e3 Nbd7 6.Qc2 Bd6 7.Bd3 O-O 8.O-O e5
9.cxd5 cxd5 10.e4 exd4 11.Nxd5 Nxd5 12.exd5 h6 13.Nxd4 Bxh2+ 14.Kxh2 Qh4+
15.Kg1 Qxd4 16.Rd1 Qf6 17.Be2 Ne5 18.Qa4 Qg6 19.Qf4 Bh3 20.Bf1 Rfe8 21.Be3 Bg4
22.Rd4 Rac8 23.Qg3 h5 24.Bb5 Bd7 25.Qxg6 fxg6 26.a4 a5 27.d6 Rc2 28.Re4 Nc6
29.Bc4+ Kf8 30.Rf4+ Bf5 31.d7 Rd8 32.Bc5+ Ne7 33.Rd1 Rxb2 34.Rd5  1-0

[Event "Australian Open 2013"]
[Site "Cammeray AUS"]
[Date "2013.01.12"]
[Round "10.33"]
[White "Kethro,Michael"]
[Black "Holt,K"]
[Result "1-0"]
[WhiteElo "1785"]
[BlackElo "1907"]

1.d4 d5 2.c4 c6 3.e3 e6 4.Nc3 Nf6 5.Nf3 Bd6 6.Qc2 Nbd7 7.b3 O-O 8.Be2 a6
9.e4 dxe4 10.Nxe4 Nxe4 11.Qxe4 Nf6 12.Qc2 c5 13.dxc5 Bxc5 14.O-O Bd7 15.Bb2 Bc6
16.Rad1 Qe7 17.Ng5 e5 18.Bf3 Bxf3 19.Nxf3 Nd7 20.Qf5 Rad8 21.Nxe5 Nxe5 22.Qxe5 Qxe5
23.Bxe5 f6 24.Bc3 Rfe8 25.Rxd8 Rxd8 26.Rc1 Bd4 27.Kf1 Bxc3 28.Rxc3 Rd2 29.a3 Ra2
30.Rd3 Kf8 31.Rd7 b5 32.cxb5 axb5 33.Rb7 Rxa3 34.Rxb5 Ra2 35.Rb7 Rb2 36.g3 g6
37.b4 f5 38.Kg2 Ke8 39.h4 Rb3 40.b5 Rb2 41.b6 h5 42.Kf3 Rb4 43.Ke3 Kd8 44.Rb8+ Kd7
45.b7 Kc7 46.Rg8 Rb3+ 47.Kf4 Kxb7 48.Rxg6 Rb2 49.Kf3 Kc7 50.Rg5  1-0

[Event "38th Seville Open"]
[Site "Seville ESP"]
[Date "2013.01.12"]
[Round "2.15"]
[White "Bruno,Fabi"]
[Black "Gavira Galocha,A"]
[Result "1-0"]
[WhiteElo "2434"]
[BlackElo "2024"]

1.d4 d5 2.Nf3 Nf6 3.c4 e6 4.Nc3 c6 5.e3 Nbd7 6.Qc2 Bd6 7.Be2 a6 8.O-O O-O
9.e4 dxe4 10.Nxe4 Nxe4 11.Qxe4 Re8 12.Bd3 Nf8 13.c5 Bb8 14.Re1 Qd5 15.Qh4 f6
16.Be4 Qd8 17.Qh5 Re7 18.Bc2 Bd7 19.Bb3 Be8 20.Qg4 Kh8 21.Bf4 Bf7 22.Rad1 Qe8
23.Bxb8 Rxb8 24.Qf4 Rd8 25.h3 Bh5 26.g4 Bf7 27.Qg3 Ng6 28.h4 e5 29.Bxf7 Qxf7
30.dxe5 Rxd1 31.Rxd1 fxe5 32.h5 Nf4 33.Rd8+ Re8 34.Nxe5 Ne2+ 35.Kh2 Qf8 36.Rxe8 Qxe8  1-0

[Event "73rd ch-ARM 2013"]
[Site "Yerevan ARM"]
[Date "2013.01.12"]
[Round "1.5"]
[White "Hayrapetyan,Ho"]
[Black "Ter Sahakyan,S"]
[Result "1/2-1/2"]
[WhiteElo "2488"]
[BlackElo "2567"]

1.d4 Nf6 2.Nf3 e6 3.c4 d5 4.Nc3 c6 5.e3 Nbd7 6.Qc2 Bd6 7.Bd3 O-O 8.O-O dxc4
9.Bxc4 a6 10.Rd1 b5 11.Bd3 Qc7 12.e4 e5 13.Ne2 c5 14.dxc5 Nxc5 15.Bg5 Qe7
16.Nc3 Bb7 17.Bxf6 Qxf6 18.Bf1 Rfd8 19.b4 Ne6 20.Nd5 Bxd5 21.exd5 Nd4 22.Nxd4 exd4
23.a4 Rac8 24.Qe2 Rc4 25.axb5 axb5 26.Ra5 Rxb4 27.Rxb5 Rxb5 28.Qxb5 g6 29.g3 Bf8
30.Qd3 Bg7 31.Bg2 h5 32.Rc1 Qe7 33.h4 Bf6 34.Bf3  1/2-1/2

[Event "TCh-CZE Div1 Zapad 2012-13"]
[Site "Czech Republic CZE"]
[Date "2013.01.13"]
[Round "5.7"]
[White "Hala,B"]
[Black "Varga,Dav"]
[Result "0-1"]
[WhiteElo "2251"]
[BlackElo "2289"]

1.d4 Nf6 2.Nf3 d5 3.c4 c6 4.e3 e6 5.Nc3 Be7 6.Qc2 O-O 7.Bd3 Nbd7 8.O-O dxc4
9.Bxc4 Bd6 10.e4 e5 11.h3 b5 12.Be2 Bb7 13.Re1 Re8 14.dxe5 Nxe5 15.Be3 Qa5
16.Nd4 b4 17.Nb3 Qc7 18.Na4 c5 19.Nd2 Ned7 20.f3 Rac8 21.Nc4 Bh2+ 22.Kf1 Re6
23.Bd3 Nh5 24.Bg1 Rce8 25.Bf2 Nf4 26.b3 Rg6 27.Ne3 Ne5 28.Bc4 Qc8 29.Nxc5 Nxg2
30.Nxb7 Nf4 31.Bxf7+ Kxf7 32.Qxc8 Rxc8 33.Rac1 Rb8 34.Rc7+ Kf8 35.Nf5 Ned3
36.Nc5 Nxf2 37.Nd7+ Ke8 38.Nxb8 Rg1+ 39.Kxf2 Nd3+ 40.Ke2 Rxe1+ 41.Kxd3 Bxc7
42.Na6 Be5 43.Nxb4 Kd7 44.Nd5 Rh1 45.f4 Rxh3+ 46.Nfe3 Bb2 47.Kc4 h5 48.e5 g6
49.Kd3 Bc1 50.Ke4 Bxe3 51.Nxe3 Rh2 52.a3 h4 53.f5 gxf5+ 54.Kxf5 h3 55.e6+ Kd6
56.Kg4 Kxe6 57.Kg3 Rb2  0-1

[Event "TCh-CZE Div1 Vychod 2012-13"]
[Site "Czech Republic CZE"]
[Date "2013.01.13"]
[Round "5.7"]
[White "Hodovsky,J"]
[Black "Vesely,T"]
[Result "1/2-1/2"]
[WhiteElo "2098"]
[BlackElo "2140"]

1.d4 d5 2.Nf3 Nf6 3.c4 c6 4.Nc3 e6 5.e3 Nbd7 6.Bd3 Bd6 7.O-O O-O 8.cxd5 exd5
9.a3 a5 10.Rb1 Re8 11.b4 axb4 12.axb4 b5 13.Qc2 Qe7 14.Ne2 Bb7 15.Bd2 Ne4
16.Ng3 g6 17.Rb2 Ra4 18.Rfb1 Ndf6 19.Bxe4 dxe4 20.Ne5 Bxe5 21.dxe5 Ng4 22.Qxe4 Nxe5
23.Bc3 c5 24.Qxe5 Qxe5 25.Bxe5 Rxe5 26.bxc5 Rxc5 27.h3 Ra5 28.Ne2 Be4 29.Rd1 Rc2
30.Rxc2 Bxc2 31.Rd8+ Kg7 32.Rb8 Bd3 33.Nd4 Ra1+ 34.Kh2 Rb1 35.Rd8 Bc4 36.Rc8 Rb2
37.Kg3 h5 38.h4 Kf6 39.Rc5 Bd3 40.e4 Bxe4 41.Rxb5  1/2-1/2

[Event "TCh-FIN SM 2012-13"]
[Site "Sastamala FIN"]
[Date "2013.01.13"]
[Round "9.3"]
[White "Kanko,I"]
[Black "Pohjala,H"]
[Result "0-1"]
[WhiteElo "2228"]
[BlackElo "2306"]

1.d4 d5 2.c4 c6 3.Nf3 Nf6 4.Nc3 e6 5.e3 Nbd7 6.Be2 a6 7.O-O dxc4 8.Bxc4 b5
9.Bd3 c5 10.a4 b4 11.Ne4 Bb7 12.Ng3 Bd6 13.Qe2 Qb8 14.Bd2 O-O 15.Rac1 Rc8
16.Kh1 Nb6 17.dxc5 Bxc5 18.Ng5 h6 19.f4 Be7 20.N5e4 Nxa4 21.Nxf6+ Bxf6 22.Nh5 Bxb2
23.Qg4 Rxc1 24.Rxc1 f5 25.Qg3 Qd6 26.Bc3 Bxc3 27.Rxc3 Qe7 28.Nxg7 Qxg7 29.Qxg7+ Kxg7
30.Rc7+ Kf6 31.Rxb7 Nc5  0-1

[Event "PSC Cup 2013"]
[Site "Manila PHI"]
[Date "2013.01.16"]
[Round "4.13"]
[White "Perena,C"]
[Black "Nadera,B"]
[Result "0-1"]
[WhiteElo "2153"]
[BlackElo "2392"]

1.d4 d5 2.c4 e6 3.Nc3 Nf6 4.Nf3 c6 5.e3 Nbd7 6.Bd3 dxc4 7.Bxc4 b5 8.Be2 Bb7
9.O-O a6 10.e4 c5 11.e5 Nd5 12.a4 Nxc3 13.bxc3 c4 14.Ng5 Nb6 15.Bf3 Nd5 16.Qc2 Be7
17.h4 Bc6 18.Bh5 g6 19.Bg4 bxa4 20.Ne4 Bxh4 21.Nd6+ Kf8 22.Bh6+ Kg8 23.Ne4 Be7
24.Qe2 Rc8 25.Rad1 Bf8 26.Bg5 Be7 27.Bh6 a3 28.f4 Bf8 29.Bg5 Be7 30.Qf2 h6
31.Bxe7 Qxe7 32.Nd6 Rd8 33.f5 exf5 34.Bxf5 gxf5 35.Nxf5 Qe6 36.Qh4 Rd7 37.Rf3 Kf8
38.Rb1 Bb5 39.Rbf1 Rh7 40.Rg3 a2 41.Qg4 Ne7 42.Qf3 Bc6 43.d5 Bxd5 44.Nd4 Bxf3
45.Nxe6+ fxe6 46.Rgxf3+ Nf5 47.Ra1 Rd2 48.Kf1 Rb2  0-1

[Event "TCh-AUT 2012-13"]
[Site "Graz AUT"]
[Date "2013.01.18"]
[Round "5.6"]
[White "Handler,L"]
[Black "Froewis,G"]
[Result "1/2-1/2"]
[WhiteElo "2369"]
[BlackElo "2399"]

1.d4 d5 2.c4 e6 3.Nc3 c6 4.e3 Nf6 5.Nf3 Nbd7 6.Qc2 Bd6 7.Bd3 dxc4 8.Bxc4 O-O
9.O-O a6 10.Rd1 b5 11.Bf1 Qe7 12.e4 e5 13.g3 Bb7 14.Bg2 Rad8 15.a3 Bb8 16.Be3 h6
17.h3 Rfe8 18.Rd2 exd4 19.Nxd4 Ne5 20.Nf5 Qe6 21.Rxd8 Rxd8 22.Rd1 Rxd1+ 23.Qxd1 Qd7
24.f4 Nc4 25.Qxd7 Nxd7 26.Bd4 f6 27.Nd1 c5 28.Bc3 a5 29.b3 Nxa3 30.Bxa5 c4
31.bxc4 Nxc4 32.Bc3 Nd6 33.Nxd6 Bxd6 34.Kf2 Bc5+ 35.Ke1 f5 36.Nf2 b4 37.Ba1 Bxf2+
38.Kxf2 Bxe4 39.Bf1 Bd5 40.Bd3 Be6 41.Bd4 Kf7 42.Ke3 Nf6 43.Bc5 b3 44.Ba3 Nd5+
45.Kd4 Nf6 46.Ke3 g6 47.Bb2 Nh5 48.Kf2 Bd5 49.Be5 Ng7 50.g4 fxg4 51.hxg4 Ne6
52.f5 Nc5 53.Bb1 Be4 54.Bxe4 Nxe4+ 55.Ke3 gxf5 56.gxf5 Nc5 57.Kd2 Na4 58.Bf4 h5
59.Bg5 Nc5 60.Bh4 Ne4+ 61.Kc1 Nd6 62.Kb2 Nxf5 63.Bf2 Ke6 64.Kxb3 Kd5 65.Kc2 Ke4
66.Kd2 Kf3 67.Ke1 Kg2 68.Ke2 Nh6 69.Bh4 Ng4 70.Bd8 Ne3  1/2-1/2

[Event "TCh-AUT 2012-13"]
[Site "Graz AUT"]
[Date "2013.01.18"]
[Round "5.5"]
[White "Schreiner,Pe"]
[Black "Wallner,J"]
[Result "1/2-1/2"]
[WhiteElo "2439"]
[BlackElo "2380"]

1.Nf3 d5 2.c4 c6 3.e3 Nf6 4.Nc3 e6 5.d4 Nbd7 6.Be2 Bd6 7.Qc2 dxc4 8.Bxc4 b5
9.Bd3 Bb7 10.O-O O-O 11.a3 Rc8 12.b4 c5 13.bxc5 Bxf3 14.cxd6 Nd5 15.gxf3 Qg5+
16.Kh1 Qh5 17.Rg1 Rxc3 18.Qe2 Rxd3 19.Qxd3 Qxf3+ 20.Rg2 Nf4 21.Qf1 Qd1 22.Qg1 Qc2
23.h3 Nf6 24.f3 Rd8 25.Kh2 Qd1 26.Bb2 Rxd6 27.Rc1 Qb3 28.Rc3 Kf8 29.e4 Qa2
30.Rc6 Rd8 31.Kg3 Kg8  1/2-1/2

[Event "TCh-AUT 2012-13"]
[Site "Graz AUT"]
[Date "2013.01.18"]
[Round "5.4"]
[White "Juhasz,Kr"]
[Black "Diermair,A"]
[Result "1/2-1/2"]
[WhiteElo "2350"]
[BlackElo "2407"]

1.d4 d5 2.c4 c6 3.Nc3 Nf6 4.e3 e6 5.Nf3 Nbd7 6.Bd3 dxc4 7.Bxc4 b5 8.Bd3 Bb7
9.e4 b4 10.Na4 c5 11.e5 Nd5 12.Nxc5 Nxc5 13.dxc5 Bxc5 14.O-O h6 15.Nd2 O-O
16.Ne4 Bd4 17.Nd6 Bxe5 18.Nxb7 Qb6 19.Qh5 Bd4 20.Qh4 Bf6 21.Qe4 Rfc8 22.Qh7+ Kf8
23.Be4 Qxb7 24.Rd1 Rc4 25.Bxd5 exd5 26.Re1 Re4 27.Be3 Rc8 28.Rad1 Ke7 29.Qf5 Re6
30.Rxd5 Kf8 31.Red1 Kg8 32.h3 a6 33.b3 Rce8 34.Qd3 Qc6 35.Rc1 Bc3 36.Bd2 Re2
37.Bxc3 bxc3 38.Rxc3 Qb6 39.Qd4 Qxd4 40.Rxd4 Rxa2 41.Rf4 Re7 42.Rcc4 Rb2
43.Rc8+ Kh7 44.Rc6 Rxb3 45.Rxa6 g6  1/2-1/2

[Event "TCh-AUT 2012-13"]
[Site "Graz AUT"]
[Date "2013.01.18"]
[Round "5.6"]
[White "Postl,A"]
[Black "Gerhold,M"]
[Result "1-0"]
[WhiteElo "2259"]
[BlackElo "2256"]

1.d4 d5 2.c4 c6 3.Nf3 Nf6 4.e3 e6 5.Nc3 Nbd7 6.Bd3 dxc4 7.Bxc4 b5 8.Bd3 Bd6
9.O-O O-O 10.e4 e5 11.Bg5 exd4 12.Nxd4 Ne5 13.Bc2 b4 14.Na4 c5 15.Nf5 Bxf5
16.exf5 Nc6 17.Rc1 Nd4 18.Bd3 Rc8 19.Re1 Re8 20.Rxe8+ Qxe8 21.Bxf6 gxf6 22.b3 Qe5
23.Qg4+ Kh8 24.Qh4 Rg8 25.Kf1 Rg5 26.Re1 Nxf5 27.Qh3 Qf4 28.g3 Qf3 29.Be4 Rh5
30.Bxf3 Rxh3 31.Bg4 Rxh2 32.Bxf5 Rh1+ 33.Ke2 Rh2 34.Kf3 h5 35.Rd1 Be5 36.Nxc5 h4
37.Rd7 hxg3 38.fxg3 Kg8 39.Rxa7 Rh1 40.Rb7 Rf1+ 41.Kg4 Rg1 42.Ne4 Rg2 43.Rxb4 Rxa2
44.Rb7 Rb2 45.Bd7 Re2 46.Bc6 Kg7 47.Bd5 Re3 48.Kh5 Re1 49.Rxf7+  1-0

[Event "TCh-AUT 2012-13"]
[Site "Graz AUT"]
[Date "2013.01.19"]
[Round "6.2"]
[White "Sebenik,M"]
[Black "Schenk,An"]
[Result "1/2-1/2"]
[WhiteElo "2543"]
[BlackElo "2487"]

1.d4 d5 2.c4 e6 3.Nf3 Nf6 4.Nc3 c6 5.e3 Nbd7 6.Bd3 dxc4 7.Bxc4 b5 8.Bd3 Bd6
9.a3 O-O 10.O-O Bb7 11.Bd2 Qe7 12.Ng5 b4 13.axb4 Bxb4 14.Ra4 c5 15.Qc2 h6
16.Nge4 a5 17.Nxf6+ Nxf6 18.Ne4 Nxe4 19.Bxb4 axb4 20.Rxa8 Bxa8 21.Bxe4 b3
22.Qb1 c4 23.Rc1 Qb4 24.Rc3 Bd5 25.Bf3 Bxf3 26.gxf3 Rc8 27.Qa1 Qb7 28.Kg2 Qb5
29.Qa7 e5 30.dxe5 Qxe5 31.Qd7 Qc5 32.Rc1 Qg5+ 33.Qg4 Qc5 34.Qd7 Qg5+ 35.Qg4 Qc5
36.Qd7 Qg5+  1/2-1/2

[Event "TCh-AUT 2012-13"]
[Site "Graz AUT"]
[Date "2013.01.19"]
[Round "6.5"]
[White "Postl,A"]
[Black "Diermair,A"]
[Result "1/2-1/2"]
[WhiteElo "2259"]
[BlackElo "2407"]

1.d4 d5 2.c4 e6 3.Nc3 c6 4.Nf3 Nf6 5.e3 Nbd7 6.Bd3 dxc4 7.Bxc4 b5 8.Bd3 Bb7
9.O-O a6 10.e4 c5 11.d5 Qc7 12.Qe2 c4 13.Bc2 Bd6 14.Re1 Ne5 15.dxe6 Nxf3+
16.Qxf3 fxe6 17.Qh3 O-O 18.Bg5 Rae8 19.Rad1 e5 20.Nd5 Nxd5 21.exd5 g6 22.Be4 Bc8
23.Qh4 Bf5 24.f3 Rc8 25.Bh6 Rf7 26.Qf2 Bc5 27.Be3 Bxe4 28.Bxc5 Bd3 29.b4 Re8
30.Qg3 e4  1/2-1/2

[Event "38th Seville Open"]
[Site "Seville ESP"]
[Date "2013.01.19"]
[Round "9.16"]
[White "Pogorelov,R"]
[Black "Diaz Castro,Ser1"]
[Result "1-0"]
[WhiteElo "2409"]
[BlackElo "2224"]

1.Nf3 Nf6 2.c4 c6 3.Nc3 d5 4.d4 e6 5.e3 Nbd7 6.Qc2 Bd6 7.b3 O-O 8.Be2 b6
9.O-O Bb7 10.Bb2 Qe7 11.Rfe1 c5 12.cxd5 exd5 13.Rad1 Rfe8 14.Bf1 Rad8 15.g3 Bb8
16.Bg2 a6 17.Nh4 Qe6 18.dxc5 bxc5 19.Na4 Ne4 20.Bxe4 Qxe4 21.Qxe4 Rxe4 22.Rc1 Rc8
23.Red1 Ree8 24.Nf5 f6 25.Ba3 g6 26.Nh4 Ba7 27.Ng2 d4 28.Ne1 Bc6 29.exd4 cxd4
30.Nb2 Ne5 31.Nbd3 Be4 32.Nb4 a5 33.Nbd3 Rc3 34.Nxe5 fxe5 35.Bb2 Rxc1 36.Bxc1 Rc8
37.Bd2 Bb6 38.Rc1 Rxc1 39.Bxc1 Kf7 40.Kf1 Ke6 41.Ke2 Bc6 42.f3 Bb5+ 43.Kd2 Bc5
44.a3 Kd5 45.Nd3 Bf8 46.Kc2 h5 47.a4 Bd7 48.Bd2 Bf5 49.Bxa5 e4 50.Nf4+ Kc6
51.fxe4 Bxe4+ 52.Kb2 Bd6 53.Bd2 Be5 54.b4 g5 55.Ne6 g4 56.Nf4 d3+ 57.Kb3 Bd4
58.Kc4 Bg1 59.b5+ Kb7 60.a5 Bxh2 61.Nxh5 Bg6 62.Nf4 Bf7+ 63.Kxd3 Bxg3 64.a6+ Ka8
65.b6 Bf2 66.b7+ Ka7 67.Bc3  1-0

[Event "Dvorkovich Mem 2013"]
[Site "Taganrog RUS"]
[Date "2013.01.19"]
[Round "5.19"]
[White "Pushkov,N"]
[Black "Sukhareva,E"]
[Result "1-0"]
[WhiteElo "2374"]
[BlackElo "2250"]

1.d4 d5 2.c4 e6 3.Nc3 c6 4.e3 Nf6 5.Nf3 a6 6.a4 c5 7.Bd3 b6 8.cxd5 exd5 9.Ne5 Be7
10.O-O O-O 11.f4 Bb7 12.g4 Nbd7 13.Qf3 g6 14.g5 Nxe5 15.dxe5 Nh5 16.Rd1 Qd7
17.Be4 Rad8 18.Bxd5 Bxd5 19.Nxd5 Kh8 20.e4 Ng7 21.Be3 Qb7 22.Rd2 Ne6 23.Rad1 b5
24.axb5 axb5 25.h4 h5 26.Qf2 Rfe8 27.f5 Nd4 28.Bxd4 cxd4 29.Qxd4 Kh7 30.Qf2 Kg8
31.Kg2 Rc8 32.Qf3 Rc4 33.b3 Rcc8 34.e6 Bd8 35.fxg6 Rxe6 36.Nf4 Re8 37.Rd7 Rc2+
38.Kg3  1-0

[Event "TCh-AUT 2012-13"]
[Site "Graz AUT"]
[Date "2013.01.20"]
[Round "7.2"]
[White "Kraemer,Mart"]
[Black "Buhmann,R"]
[Result "1/2-1/2"]
[WhiteElo "2520"]
[BlackElo "2594"]

1.d4 d5 2.c4 c6 3.Nc3 Nf6 4.e3 e6 5.Nf3 Nbd7 6.Qc2 Bd6 7.Bd3 O-O 8.O-O dxc4
9.Bxc4 Qe7 10.h3 e5 11.Bb3 Bc7 12.Bd2 h6 13.Nh4 Rd8 14.Nf5 Qf8 15.Rfe1 Nb6
16.Rad1 exd4 17.exd4 Nbd5 18.Qd3 Bxf5 19.Qxf5 Qd6 20.g3 Qd7 21.Qxd7 Rxd7
22.Na4 Bd6 23.Nc5 Rc7 24.Rc1 Kf8 25.a3 Rd8 26.Kg2 Ne7 27.Nd3 Nf5 28.Ba5 b6
29.Bc3 Nd5 30.Re4 Nxc3 31.Rxc3 Re7 32.Rxe7 Bxe7 33.Ne5 Nxd4 34.Nxc6 Nxc6  1/2-1/2

[Event "TCh-SVK Extraliga 2012-13"]
[Site "Slovakia SVK"]
[Date "2013.01.20"]
[Round "6.3"]
[White "Srvatka,I"]
[Black "Gorusa,M"]
[Result "1/2-1/2"]
[WhiteElo "2178"]
[BlackElo "2167"]

1.d4 d5 2.c4 c6 3.Nf3 Nf6 4.e3 e6 5.Nc3 Nbd7 6.Qc2 Be7 7.Bd3 dxc4 8.Bxc4 Qc7
9.O-O O-O 10.Rd1 e5 11.Bb3 a6 12.Ne4 exd4 13.Nxf6+ Nxf6 14.Nxd4 Rd8 15.Bd2 Qe5
16.Nf3 Qh5 17.Bc3 Bf5 18.Qe2 Bd6 19.h3 Be4 20.Rd2 Nd5 21.Ba5 Re8 22.Rad1 Rac8
23.Bc2 Nf4 24.Qc4 Nxh3+ 25.Kf1 Bxf3 26.gxf3 Bb8 27.Qg4 Qxa5 28.Qxh3 g6 29.Rd7 Qb5+
30.Kg1 Qg5+ 31.Kf1 Qb5+ 32.Kg1 Qg5+  1/2-1/2

[Event "TCh-SVK Extraliga 2012-13"]
[Site "Slovakia SVK"]
[Date "2013.01.20"]
[Round "6.3"]
[White "Srvatka,I"]
[Black "Gorusa,M"]
[Result "1/2-1/2"]
[WhiteElo "2178"]
[BlackElo "2167"]

1.d4 d5 2.c4 c6 3.Nf3 Nf6 4.e3 e6 5.Nc3 Nbd7 6.Qc2 Be7 7.Bd3 dxc4 8.Bxc4 Qc7
9.O-O O-O 10.Rd1 e5 11.Bb3 a6 12.Ne4 exd4 13.Nxf6+ Nxf6 14.Nxd4 Rd8 15.Bd2 Qe5
16.Nf3 Qh5 17.Bc3 Bf5 18.Qe2 Bd6 19.h3 Be4 20.Rd2 Nd5 21.Ba5 Re8 22.Rad1 Rac8
23.Bc2 Nf4 24.Qc4 Nxh3+ 25.Kf1 Bxf3 26.gxf3 Bb8 27.Qg4 Qxa5 28.Qxh3 g6 29.Rd7 Qb5+
30.Kg1 Qg5+ 31.Kf1 Qb5+ 32.Kg1 Qa5  1/2-1/2

[Event "75th Tata Steel GpB"]
[Site "Wijk aan Zee NED"]
[Date "2013.01.20"]
[Round "8.3"]
[White "Rapport,R"]
[Black "Smeets,J"]
[Result "0-1"]
[WhiteElo "2621"]
[BlackElo "2615"]

1.d4 d5 2.c4 c6 3.e3 Nf6 4.Nc3 e6 5.Nf3 Nbd7 6.Bd3 dxc4 7.Bxc4 b5 8.Bd3 Bb7
9.a3 a6 10.b4 a5 11.Rb1 axb4 12.axb4 Nd5 13.Nxd5 exd5 14.O-O Bd6 15.Qc2 h6
16.e4 dxe4 17.Bxe4 O-O 18.Qc3 Re8 19.Bc2 Qf6 20.Bb2 Re7 21.Rbe1 Rae8 22.Re3 Rxe3
23.fxe3 Qe7 24.Ne5 Bxe5 25.dxe5 Nxe5 26.Qd4 c5 27.bxc5 Qg5 28.Be4 Nc6 29.Qd7 Qxe3+
30.Kh1 Re7 31.Qg4 Qg5 32.Qxg5 hxg5 33.Bf3 Na5 34.Bc3 Bxf3 35.Bxa5 Bc6 36.Kg1 Re5
37.Bb4 f6 38.Rf2 Re4 39.Rb2 Kf7 40.Kf2 Ke6 41.Rd2 Rf4+ 42.Kg3 Rxb4 43.Rd6+ Ke5
44.Rxc6 Rc4 45.Rc7 Kd4 46.Rxg7 b4 47.Kg4 b3 48.Rb7 Kc3+ 49.Kf5 b2 50.Rxb2 Kxb2
51.Kxf6 Rxc5 52.h3 Kc3 53.g3 Kd4 54.Kg6 Ke4 55.h4 g4  0-1

[Event "Marianske Lazne Open 2013"]
[Site "Marianske Lazne CZE"]
[Date "2013.01.21"]
[Round "3.17"]
[White "Bartos,J"]
[Black "Smolik,Boris"]
[Result "1-0"]
[WhiteElo "2199"]
[BlackElo "2014"]

1.d4 d5 2.c4 e6 3.e3 Nf6 4.Nc3 c6 5.Nf3 Nbd7 6.Bd3 dxc4 7.Bxc4 b5 8.Be2 a6
9.e4 b4 10.e5 bxc3 11.exf6 Nxf6 12.bxc3 Bd6 13.c4 O-O 14.c5 Bc7 15.O-O Nd5
16.Bd2 f6 17.Bc4 e5 18.dxe5 Bg4 19.e6 Bxe6 20.Nd4 Bf7 21.Qa4 Be5 22.Ba5 Qd7
23.Rad1 Qg4 24.Be2 Qc8 25.Bf3 Bxd4 26.Qxd4 Re8 27.Rfe1 Rb8 28.Rxe8+ Qxe8
29.Re1 Qd7 30.Be2 Qb7 31.Bc4 Re8 32.Rxe8+ Bxe8 33.Qd3 Bg6 34.Qb3 Qa8 35.Qb6 Bd3
36.Bxd5+ cxd5 37.Qe6+ Kh8 38.c6  1-0

[Event "Dvorkovich Mem 2013"]
[Site "Taganrog RUS"]
[Date "2013.01.21"]
[Round "7.3"]
[White "Sjugirov,S"]
[Black "Smirnov,P"]
[Result "1/2-1/2"]
[WhiteElo "2643"]
[BlackElo "2610"]

1.d4 d5 2.c4 c6 3.Nc3 Nf6 4.e3 e6 5.Nf3 Nbd7 6.Qc2 Bd6 7.Bd3 O-O 8.O-O e5
9.cxd5 cxd5 10.e4 exd4 11.Nxd5 Nxd5 12.exd5 h6 13.Nxd4 Qh4 14.Nf3 Qh5 15.Qc4 Nc5
16.Bc2 Bg4 17.Bf4 Bxf4 18.Qxf4 Bxf3 19.Qxf3 Qxf3 20.gxf3 Rfd8 21.Rfd1 Rd6
22.Rac1 Rad8 23.b4 Na6 24.a3 Nc7 25.Bh7+ Kxh7 26.Rxc7 R8d7 27.Rxd7 Rxd7 28.Kg2 Kg6
29.f4 Kf6 30.Kf3 Ke7 31.f5 Kd6 32.Rg1 Kxd5 33.Rxg7 Ke5 34.Kg4 Rd4+ 35.Kh5 Kf6
36.Rg3 Rf4 37.h4 Kxf5 38.Rc3 Rxf2 39.Rc7 Ra2 40.Rxf7+ Ke4 41.Rxb7 Rxa3 42.Kxh6 a5
43.bxa5 Rxa5 44.h5 Kf4 45.Rg7 Rb5 46.Rg1 Ra5 47.Kg6 Ra6+ 48.Kh7 Kf5 49.Rg6 Ra7+
50.Rg7 Ra8 51.h6 Kf6 52.Rg8 Ra7+ 53.Kh8 Rb7 54.Re8 Kf7 55.Re1 Kf6 56.Re8 Kf7
57.Ra8 Kg6 58.Ra6+ Kg5 59.Re6 Rb8+ 60.Kg7 Rb7+  1/2-1/2

[Event "11th Gibraltar Masters"]
[Site "Caleta ENG"]
[Date "2013.01.22"]
[Round "1.41"]
[White "Al Sayed,Mohamad"]
[Black "Uran Bermudez,Oliver Kevin"]
[Result "1-0"]
[WhiteElo "2507"]
[BlackElo "2113"]

1.d4 d5 2.c4 c6 3.Nc3 Nf6 4.e3 e6 5.Nf3 Nbd7 6.Qc2 Bb4 7.a3 Bxc3+ 8.Qxc3 Ne4
9.Qc2 O-O 10.Bd3 f5 11.O-O Qe8 12.b4 Ndf6 13.Ne5 Nd7 14.f3 Nxe5 15.dxe5 Ng5
16.Bb2 Bd7 17.Bd4 Kh8 18.a4 a6 19.Bc5 Rg8 20.Bd6 Nf7 21.e4 dxc4 22.Bxc4 f4
23.Rad1 c5 24.a5 cxb4 25.Qd2 Ba4 26.Rb1 Rc8 27.Qxb4 Rxc4 28.Qxc4 Bb5 29.Rxb5 axb5
30.Qc7 Nd8 31.Rc1 h6 32.Qb6 g5 33.Rc7 Rg7 34.Rc8 Rg8 35.Qc7 Qf7 36.Rxd8 Qxc7
37.Bxc7 b4 38.Rxg8+ Kxg8 39.Bd6 b3 40.Ba3 Kf7 41.Kf2 h5 42.Ke2 Kg6 43.Kd3 g4
44.Kc3 h4 45.h3  1-0

[Event "11th Gibraltar Masters"]
[Site "Caleta ENG"]
[Date "2013.01.22"]
[Round "1.74"]
[White "Diaz Montenegro,I"]
[Black "Nezad,H"]
[Result "0-1"]
[WhiteElo "1987"]
[BlackElo "2394"]

1.c4 c6 2.d4 d5 3.e3 Nf6 4.Nc3 e6 5.Nf3 Nbd7 6.Bd3 dxc4 7.Bxc4 b5 8.Bd3 a6
9.O-O c5 10.dxc5 Bxc5 11.Ne4 Be7 12.Nxf6+ Nxf6 13.b3 Bb7 14.Bb2 O-O 15.Be2 Nd5
16.a3 Bd6 17.Qd4 f6 18.Rfd1 Qe7 19.e4 e5 20.Qd2 Nf4 21.Bxb5 axb5 22.Qxd6 Qf7
23.Qd7 Qg6 24.Nh4 Qxe4 25.f3 Qe3+ 26.Kh1 Rf7 27.Qd2 Qxb3 28.Nf5 Bxf3  0-1

[Event "11th Gibraltar Masters"]
[Site "Caleta ENG"]
[Date "2013.01.22"]
[Round "1.19"]
[White "Swiercz,D"]
[Black "Vinas Guerrero,C"]
[Result "1-0"]
[WhiteElo "2627"]
[BlackElo "2167"]

1.d4 d5 2.c4 c6 3.Nc3 Nf6 4.e3 e6 5.Nf3 Nbd7 6.Qc2 Bd6 7.b3 O-O 8.Be2 e5
9.cxd5 cxd5 10.Nb5 Bb4+ 11.Bd2 Bxd2+ 12.Nxd2 exd4 13.Nxd4 Ne5 14.h3 Bd7 15.O-O Rc8
16.Qb2 Qb6 17.Rac1 h6 18.N2f3 Nxf3+ 19.Bxf3 Qd6 20.Rfd1 Rxc1 21.Rxc1 a5 22.Ne2 b6
23.Qd4 Be6 24.Rc2 Rd8 25.Nc3 Qb8 26.Nb5 Bf5 27.Rc6 Be4 28.Qxb6 d4 29.Qxb8 Rxb8
30.Bxe4 Nxe4 31.Nxd4 a4 32.f3 axb3 33.axb3 Nf6 34.Kf2 Re8 35.e4 Ra8 36.b4 Rd8
37.Ke3 Nd7 38.b5 Ne5 39.Rc3 Re8 40.Kf4 Ng6+ 41.Kg3 Rd8 42.b6 Ne5 43.b7  1-0

[Event "5th Chennai Open 2013"]
[Site "Chennai IND"]
[Date "2013.01.22"]
[Round "10"]
[White "Kuderinov,K"]
[Black "Lu Shanglei"]
[Result "0-1"]
[WhiteElo "2432"]
[BlackElo "2526"]

1.d4 d5 2.c4 c6 3.Nf3 Nf6 4.Nc3 e6 5.e3 Nbd7 6.Qc2 Bd6 7.Bd3 O-O 8.O-O dxc4
9.Bxc4 b5 10.Be2 Bb7 11.e4 e5 12.dxe5 Nxe5 13.Bg5 h6 14.Bh4 Ng6 15.Bg3 Bxg3
16.hxg3 Re8 17.Rad1 Qa5 18.a3 a6 19.Nh4 Nxh4 20.gxh4 Qc7 21.g3 Re7 22.Bf3 Rae8
23.Bg2 Qb8 24.b4 Nd7 25.Ne2 c5 26.bxc5 Qc7 27.c6 Bxc6 28.Nd4 Ne5 29.Nxc6 Qxc6
30.Qxc6 Nxc6 31.f4 Na5 32.e5 Nc4 33.Rd3 h5 34.Bd5 Rc7 35.Rc1 Kf8 36.a4 Rd8
37.axb5 axb5 38.Be4 Rb8 39.Rb3 g6 40.Bd5 Rc5 41.Bf3 Nd2 42.Rxc5 Nxb3 43.Rc7 Nd4
44.Bd5 Ne6 45.Ra7 b4 46.Bb3 Rc8 47.Kg2 Rc3 48.Bxe6 fxe6 49.Rb7 b3 50.Kh3 Ke8
51.Rg7 Kd8 52.Rb7 Kc8 53.Rb6 Kc7 54.Rb5 Kc6 55.Rb8 Kd5 56.Rb5+ Ke4 57.Rb6 Kf3
58.Rxe6 Rc1  0-1

[Event "Dvorkovich Mem 2013"]
[Site "Taganrog RUS"]
[Date "2013.01.22"]
[Round "8.2"]
[White "Khismatullin,D"]
[Black "Smirnov,P"]
[Result "0-1"]
[WhiteElo "2652"]
[BlackElo "2610"]

1.d4 d5 2.c4 e6 3.Nc3 c6 4.e3 Nf6 5.Nf3 Nbd7 6.Bd3 dxc4 7.Bxc4 b5 8.Bd3 a6
9.e4 c5 10.d5 Bb7 11.dxe6 fxe6 12.O-O Qc7 13.Bc2 c4 14.Ne2 Bd6 15.a4 b4 16.Ned4 Nc5
17.Qe2 e5 18.Nf5 b3 19.Bb1 Ncxe4 20.Nxd6+ Qxd6 21.Qxc4 Bd5 22.Qe2 O-O 23.Rd1 Rad8
24.Bd3 Nxf2 25.Qxf2 e4 26.Bg5 Ng4 27.Bxe4 Nxf2 28.Bxd5+ Qxd5 29.Rxd5 Rxd5
30.Kxf2 Rxg5 31.Ra3 Rg4 32.Rxb3 Rxa4 33.Rb6 a5 34.Rb5 Ra8 35.Ne5 Rb4 36.Rxb4 axb4
37.Ke3 Rc8 38.Kd3 Rc1 39.Nf3 Rb1 40.Kc2 Rf1  0-1

[Event "11th Gibraltar Masters"]
[Site "Caleta ENG"]
[Date "2013.01.23"]
[Round "2.116"]
[White "Christiansmeier,S"]
[Black "Viana,E"]
[Result "1-0"]
[WhiteElo "2051"]
[BlackElo "1600"]

1.d4 d5 2.Nf3 Nf6 3.c4 c6 4.Nc3 e6 5.e3 a6 6.Bd2 b5 7.b3 g6 8.Bd3 Nbd7 9.O-O Bg7
10.Qc2 O-O 11.Ne2 Qc7 12.cxb5 axb5 13.Bxb5 Ba6 14.Bxa6 Rxa6 15.Rab1 Ne4 16.Rfc1 Rc8
17.a4 g5 18.Ng3 Ndf6 19.Ne5 Nxg3 20.hxg3 Ne4 21.Nd3 c5 22.dxc5 e5 23.Nb4 Rh6
24.Nxd5 Nxg3 25.fxg3 Qd8 26.e4 f5 27.Rf1 f4 28.gxf4 gxf4 29.Rf3 Bf8 30.b4 Rcc6
31.Qc4 Kh8 32.Bc3 Rh5 33.Nxf4 Rg5 34.Ne6 Rxe6 35.Qxe6 Rxg2+ 36.Kxg2 Qg5+
37.Rg3  1-0

[Event "Asian Zone 3.3"]
[Site "Tagaytay City PHI"]
[Date "2013.01.24"]
[Round "3.17"]
[White "Gotel,Michael"]
[Black "Andador,A"]
[Result "1-0"]
[WhiteElo "2161"]
[BlackElo "2326"]

1.d4 d5 2.c4 c6 3.Nc3 e6 4.e3 Nf6 5.Nf3 a6 6.b3 b5 7.Bd3 Nbd7 8.O-O b4 9.Ne2 Bd6
10.c5 Bc7 11.Qc2 e5 12.Nxe5 Nxe5 13.dxe5 Bxe5 14.Nd4 Qc7 15.f4 Bxd4 16.exd4 O-O
17.f5 a5 18.Bg5 Qd8 19.Rae1 Ba6 20.Bxa6 Rxa6 21.Re3 Ra8 22.Rfe1 Kh8 23.h3 Qc7
24.Bxf6 gxf6 25.Qf2 Qc8 26.Re7 a4 27.Qf4 axb3 28.axb3 Kg7 29.Rc7 Qa6 30.Qg3+ Kh8
31.Qh4 Qd3 32.Qxf6+ Kg8 33.Rce7 Qg3 34.Qxc6 Ra2 35.Qxd5 Qf2+ 36.Kh1 Rd2 37.c6 Rxd4
38.Qc5 Rd2 39.Qxf2 Rxf2 40.c7 Rc2 41.f6 h6 42.Rd1  1-0